00373pab a2200133 454500008004000000100002300040245007800063260000900141300001400150362001100164650002300175650002100198773002000219180718b2014 xxu||||| |||| 00| 0 eng d aShastree, Nalin K. aRhythms of changing higher education policies: Widening new opportunities c2014 ap.93-101. a17 Feb aEducational reform aHigher education aUniversity News